000 00339nam a2200145Ia 4500
100 _aAnderson/G.B./ Johnson/P.
650 _aGeneral
942 _cRB
654 _aDigest Book
245 _aThe Digest Book Of Physical Fitness
260 _bNorth Field:DBI Books
_c1966
082 _a613.7
_bAnd/Joh
300 _a96
546 _aENGLISH
999 _c32405
_d32405